Oh No - Bring Me the Horizon - Statistics

General Stats
  • This quiz has been taken 18 times
  • The average score is 283 of 325
Answer Stats
༘⋆ % Correct
a
100%
be
100%
call
100%
careful
100%
Cause
100%
cause
100%
don't
100%
Don't
100%
for
100%
I
100%
is
100%
isn't
100%
it
100%
love
100%
me
100%
never
100%
No,
100%
no,
100%
on
100%
party
100%
stops
100%
this
100%
what
100%
where
100%
wish
100%
You
100%
you
100%
your
100%
you're
100%
been
89%
but
89%
by
89%
enough
89%
exactly
89%
have
89%
It's
89%
it's
89%
know
89%
many
89%
now,
89%
Now,
89%
Now
89%
So
89%
so
89%
tell
89%
to
89%
too
89%
you've
89%
chewing
78%
chin
78%
ear
78%
lie
78%
my
78%
of
78%
one
78%
while
78%
empty
67%
happy
67%
in
67%
level,
67%
not
67%
off
67%
the
67%
within
67%
And
56%
hanging
56%
head,
56%
heaven
56%
holding
56%
just
56%
kind
56%
old
56%
outside
56%
pack
56%
state
56%
think
56%
thread
56%
time
56%
getting
44%
mind,
44%
onto
44%
over
44%
we're
44%
Who
44%
face
33%
head's
33%
may
33%
fool?
22%
tryna
11%
No matching quizzes found
Score Distribution
Percent of People with Each Score
Percentile by Number Answered
Your Score History
You have not taken this quiz